000 00747cam a22002653a 4500
001 26829
003 PGUSA
005 20140828083558.0
008 081007s2008||||xxu|||||s|||||000 1 eng d
040 _aPGUSA
_beng
042 _adc
050 4 _aPS
100 1 _aWarner, Susan,
_d1819-1885
245 1 4 _aThe Old Helmet, Volume I
_h[electronic resource] /
_cSusan Warner
260 _bProject Gutenberg,
_c2008
506 _aPublic domain in the USA.
516 _aElectronic text
653 _aMissionaries -- Fiction
653 _aCourtship -- Fiction
653 _aSalvation -- Fiction
653 _aChristian life -- Fiction
830 0 _aProject Gutenberg
_v26829
856 4 0 _uhttp://www.gutenberg.org/ebooks/26829
942 _cEB
999 _c256084
_d256084